书目信息 |
| 题名: |
大学生主体权利研究
|
|
| 作者: | 张振芝 著 | |
| 分册: | ||
| 出版信息: | 北京 社会科学文献出版社 2018 |
|
| 页数: | 223页 | |
| 开本: | 24cm | |
| 丛书名: | ||
| 单 册: | ||
| 中图分类: | G642.0 | |
| 科图分类: | ||
| 主题词: | 大学生--da xue sheng--权利主体--研究 | |
| 电子资源: | ||
| ISBN: | 978-7-5097-4797-1 | |
| 000 | 01275nam0 2200265 450 | |
| 001 | 012001002480 | |
| 005 | 20131023145557.0 | |
| 010 | @a978-7-5097-4797-1@dCNY79.00 | |
| 099 | @aCAL 012019010410 | |
| 100 | @a20190129d2018 ekmy0chiy50 ea | |
| 101 | 0 | @achi |
| 102 | @aCN@b110000 | |
| 105 | @ak a 000yy | |
| 106 | @ar | |
| 200 | 1 | @a大学生主体权利研究@Ada xue sheng zhu ti quan li yan jiu@d= Research on university students' subjective rights@f张振芝著@zeng |
| 210 | @a北京@c社会科学文献出版社@d2018 | |
| 215 | @a223页@d24cm | |
| 320 | @a有书目 (第214-223页) | |
| 330 | @a本书以大学生主体权利为研究对象,尝试界定大学生主体权利的概念内涵,探究大学生主体权利的生成逻辑,进而提出大学生主体权利得以实现的路径,构建了大学生主体权利的生成与实现的管理理论。彰显大学生主体权利已经成为现代高等教育治理体系和治理能力现代化的灵魂与血脉。本书聚焦于“大学生主体权利的方法”和“作为方法的大学生主体权利”这个富有时代气息的课题,有助于实现大学内部治理中的“大学生权利话语”,推动高等教育体系机制改革的纵深发展。 | |
| 510 | 1 | @aResearch on university students' subjective rights@zeng |
| 606 | 0 | @a大学生@Ada xue sheng@x权利主体@x研究 |
| 690 | @aG642.0@v5 | |
| 701 | 0 | @a张振芝@Azhang zhen zhi@4著 |
| 801 | 0 | @aCN@b江苏凤凰@c20191020 |
| 905 | @b1220223-6@dG642.0@e1304@f4 | |
| 大学生主体权利研究= Research on university students' subjective rights/张振芝著.-北京:社会科学文献出版社,2018 |
| 223页;24cm |
| ISBN 978-7-5097-4797-1:CNY79.00 |
| 本书以大学生主体权利为研究对象,尝试界定大学生主体权利的概念内涵,探究大学生主体权利的生成逻辑,进而提出大学生主体权利得以实现的路径,构建了大学生主体权利的生成与实现的管理理论。彰显大学生主体权利已经成为现代高等教育治理体系和治理能力现代化的灵魂与血脉。本书聚焦于“大学生主体权利的方法”和“作为方法的大学生主体权利”这个富有时代气息的课题,有助于实现大学内部治理中的“大学生权利话语”,推动高等教育体系机制改革的纵深发展。 |
| ● |
| 相关链接 |
|
|
|
|
正题名:大学生主体权利研究
索取号:G642.0/1304
 
预约/预借
| 序号 | 登录号 | 条形码 | 馆藏地/架位号 | 状态 | 备注 |
| 1 | 1220223 | 212202230 | 第一样本阅览室/ [索取号:G642.0/1304] | 在馆 | |
| 2 | 1220224 | 212202249 | 教育系资料室/ [索取号:G642.0/1304] | 在馆 | |
| 3 | 1220225 | 212202258 | 教育系资料室/ [索取号:G642.0/1304] | 在馆 | |
| 4 | 1220226 | 212202267 | 第四借阅区/ [索取号:G642.0/1304] | 在馆 |